00606nam a2200217Ia 450000500170000000800410001702000150005808200230007324500280009626000390012430000170016365000130018065000180019365000110021165000100022270000190023270000190025194200060027095200970027699900150037320250210010852.0240331s9999 xx 000 0 und d a041590451X bALC23735a305.401 0aFeminist epistemologies aNew York;aLondonbRoutledgec1993 avii, 312 p., aFeminism aEpistemology  aGender aWomen aAlcoff, Leedt aPotter, Eeedt cL 001040708LaWERCLbWERCLcSSCd2024-03-31l0o 305.4 FEMp3735r2024-03-31w2024-03-31yL c1741d1741